AH International Schools' Libraries

(Khmer) Tourist sites of Cambodia / (Record no. 49189)

MARC details
000 -LEADER
fixed length control field 00342nam a2200121 4500
020 ## - INTERNATIONAL STANDARD BOOK NUMBER
International Standard Book Number 9789995062071
245 ## - TITLE STATEMENT
Title (Khmer) Tourist sites of Cambodia /
Statement of responsibility, etc Keo Phuong.
250 ## - EDITION STATEMENT
Edition statement 3rd.
260 ## - PUBLICATION, DISTRIBUTION, ETC. (IMPRINT)
Place of publication, distribution, etc Cambodia:
Name of publisher, distributor, etc P.L.K. Publishing;
Date of publication, distribution, etc 2022.
300 ## - PHYSICAL DESCRIPTION
Extent 375 p.
Other physical details col; il; maps;
Dimensions 20 cm.
650 ## - SUBJECT ADDED ENTRY--TOPICAL TERM
Topical term or geographic name as entry element Tourism in Cambodia.
9 (RLIN) 86488
942 ## - ADDED ENTRY ELEMENTS (KOHA)
Source of classification or shelving scheme
Koha item type Book
Holdings
Withdrawn status Lost status Source of classification or shelving scheme Damaged status Not for loan Collection code Home library Current library Shelving location Date acquired Total Checkouts Full call number Barcode Date last seen Date checked out Price effective from Koha item type
          Siem Riep Asian Hope Secondary Library Asian Hope Secondary Library   08/08/2025 1 KHMER 915.96 KEO 208747 01/28/2026 01/20/2026 08/08/2025 Khmer NON FIC Books

For any Logos Library related questions please contact Miss Art at swongnarasuk@asianhope.org.

For any Asian Hope Library related questions please contact Miss Raza at graza@asianhope.org.

Click here to explore our ebooks!

Powered by Koha